000 00888cab a2200277 4500
001 ABS52812
008 090401t1995 xxu||||| |||| 00| 0 eng d
035 _a(Sirsi) u305
041 _aeng
100 _aHogg, K.
245 _aRisks and design and build: keeping a meaningful perspective
260 _c1995
350 _a0
490 _aCSM (Chartered Surveyor Monthly)
_v4(7) May 1995, 32-33(2)
520 _aConsiders some implications associated with the design and build procurement approach, including risk allocation, cost certainty and risk acceptance.
650 _aCONSTRUCTION PROCUREMENT
650 _aCOST CERTAINTY
650 _aDESIGN AND BUILD
650 _aRISK ACCEPTANCE
650 _aRISK ALLOCATION
650 _aRISK MANAGEMENT
690 _aBUILT ENVIRONMENT-BUILDING CONTRACT FORMS
700 _aMorledge, R.
942 _n0
948 _c04/03/1997
999 _c116
_d116